00894nam a2200253Ia 450000500170000000800410001702000150005804000180007304100080009110000350009924500950013424600480022925000120027726000510028930000180034049000380035865000330039665000120042965000280044165000400046965000170050971000640052683000500059020211111074536.0130821s2005 sp gr spa  a8477208190 aCo-BoUCMbspa00aspa1 aCarrión López, Salvador A.10aProgramación Neuro Lingüística curso de practitionercSalvador A. Carrión López aManual de formación en las técnicas PNL a4a. ed. aBarcelona (España)bEdiciones Obeliscoc2005 a454 páginas aColección Obelisco Psicología04aAdministración de empresas04aÉxito04aÉxito en los negocios04aProgramación neurolingüística04aPsicología aInstituto Español de Programación Neuro-Lingüística aBibliografía Básica Medio Universitario.